Before the dawn / (Record no. 14296)

000 -LEADER
fixed length control field 00421pam a2200157 a 4500
020 ## - INTERNATIONAL STANDARD BOOK NUMBER
ISBN 0824809149 :
040 ## - CATALOGING SOURCE
Transcribing agency DLC
082 ## - DEWEY DECIMAL CLASSIFICATION NUMBER
Classification number 895 UNI 1987 A096 Or.
100 1# - MAIN ENTRY--AUTHOR NAME
Personal name Shimazaki, T¿‍son,
245 10 - TITLE STATEMENT
Title Before the dawn /
260 ## - PUBLICATION, DISTRIBUTION, ETC. (IMPRINT)
Place of publication Honolulu :
Name of publisher University of Hawaii Press,
Year of publication c1987.
300 ## - PHYSICAL DESCRIPTION
Number of Pages xxxiii, 798 p. :
Other physical details maps ;
Dimensions 25 cm.
500 ## - GENERAL NOTE
General note Translation of: Yoakemae.
700 1# - ADDED ENTRY--PERSONAL NAME
Personal name Naff, William E.
942 ## - ADDED ENTRY ELEMENTS (KOHA)
Koha item type សៀវភៅភាសាអង់គ្លេស
952 ## - LOCATION AND ITEM INFORMATION (KOHA)
Withdrawn status [LOCAL, KOHA] 0
Holdings
Permanent Location Date acquired Koha item type Lost status Shelving location Barcode Current Location Full call number
Library Block A2017-10-12សៀវភៅភាសាអង់គ្លេស A096A21094Library Block A895 UNI 1987 A096 Or.
មជ្ឈមណ្ឌលឯការនៃសាកលវិទ្យាល័យភូមិន្ទកសិកម្មចំការដូង

Powered by Koha